Countries by revolution - Statistics

General Stats
  • This quiz has been taken 927 times
  • The average score is 6 of 16
Answer Stats
Hint Answer % Correct
Bolshevik Revolution Russian Republic
96%
Cultural Revolution China
80%
July Revolution Kingdom of France
72%
Orange Revolution Ukraine
55%
Velvet Revolution Czechoslovakia
44%
Carnation Revolution Portugal
38%
Constitutionalist Revolution Brazil
35%
Cedar Revolution Lebanon
35%
White Revolution Iran
34%
Purple Revolution Iraq
26%
Singing Revolution Estonia, Lithuania, Latvia
25%
Rose Revolution Georgia
23%
Bulldozer Revolution Yugoslavia
23%
People Power Revolution Philippines
14%
Peaceful Revolution East Germany
9%
Tulip Revolution Kyrgyzstan
9%
No matching quizzes found
Score Distribution
Percent of People with Each Score
Percentile by Number Answered
Your Score History
You have not taken this quiz